Normal view
MARC view
Entry Topical Term
001 - CONTROL NUMBER
- control field: 25689
003 - CONTROL NUMBER IDENTIFIER
- control field: OSt
005 - DATE AND TIME OF LATEST TRANSACTION
- control field: 20210724164410.0
008 - FIXED-LENGTH DATA ELEMENTS
- fixed length control field: 210724|| aca||aabn | a|a d
040 ## - CATALOGING SOURCE
- Original cataloging agency: OSt
- Transcribing agency: OSt
150 ## - HEADING--TOPICAL TERM
- Topical term or geographic name entry element: Pandemic, Federalism, States, Governors, Policy adoption
670 ## - SOURCE DATA FOUND
- Source citation: Work cat.: (OSt): Bowman, Ann O’M. McKenzie, James H. 25688, Managing a pandemic at a less than global scale: Governors take the lead
